| 000 | 00420nam a2200157Ia 4500 | ||
|---|---|---|---|
| 005 | 20250701022123.0 | ||
| 008 | 240331s9999 xx 000 0 und d | ||
| 020 | _a9559736205 | ||
| 082 |
_bABE _a891 |
||
| 100 | _aAbeywardena,M | ||
| 245 | 0 | _aSiththara kadule | |
| 260 |
_aDehiwala _bSri Devi Printers _c2001 |
||
| 300 | _a140 p ., | ||
| 500 | _aA collection of Short Stories from African & Asian Countries | ||
| 942 | _cL | ||
| 999 |
_c5311 _d5311 |
||